000 00470nam a2200169Ia 4500
003 GCL
008 140319s9999 xx 000 0 eng d
040 _aGCL /
_cGCL
082 0 4 _a820.9
_bBS
100 1 _aHODGETTS, RICHARD M
245 1 0 _aA SHORT HISTORY OF ENGLISH LITERATURE, 2nd ed /
_cHODGETTS, RICHARD M
260 _a[S.N] :
_bforming press ،
_c1993
300 _a484 P.
650 0 4 _aENGLISH POETRY
650 0 4 _aالبنوك-النقود
942 _2ddc
_cBK
999 _c17824
_d17824